Les prénoms qui ont un sens initiale R - Statistiques

Statistiques générales
  • Ce quiz a été pris 70 fois
  • Le résultat moyen est 10 sur 20
Statistiques - réponses
Sens Sexe Prénom Célébrité ou Personnage % Correct
Brillant et glorieux M Robert Redford
89%
Né une nouvelle fois M René Magritte
82%
Celui qui protège par ses conseils M Raymond Poulidor
79%
Roi fort M Richard Berry
77%
Romaine F Romane Bohringer
76%
Fleur F Rose Laurens
68%
Homme courageux M Roland Magdane
66%
Rameur M Rémi Gaillard
58%
Tunique courte M Roch Voisine
56%
Lance glorieuse M Roger Lanzac
56%
Gouverne et conseille M Renaud Séchan
55%
Roi M Régis Laspalès
52%
Dieu guérit M Raphaël Personnaz
47%
Loup glorieux M Rodolphe de Habsbourg
27%
Jardin de roses F Rosalie Dubois
27%
Reine F Régine Zylberberg
26%
Petit phoque M Ronan O'Gara
26%
Régner M Romuald Figuier
19%
Brillante comme l'aurore F Roxane Mesquide
10%
Puissant et glorieux M Rodrigue Péguy
8%
Aucun quiz correspondant
Distribution des résultats
% des personnes avec chaque résultat
Percentile par nombre de réponses
Votre historique - résultats
Vous n’avez pas pris ce quiz